All Alabama National Championships College Football - Statistics

General Stats
  • This quiz has been taken 867 times
    763 since last reset
  • The average score is 16 of 18
Answer Stats
# Answer % Correct
17 2017
98%
18 2020
98%
16 2015
97%
13 2009
96%
15 2012
96%
14 2011
95%
12 1992
89%
9 1973
85%
10 1978
85%
11 1979
85%
8 1965
84%
6 1961
83%
7 1964
83%
5 1941
81%
1 1925
80%
2 1926
80%
3 1930
80%
4 1934
80%
No matching quizzes found
Score Distribution
Percent of People with Each Score
Percentile by Number Answered
Your Score History
You have not taken this quiz since the last reset